Del cumplimiento n̕tegro y efectivo de las penas a la prisin̤ permanente revisable

Bibliographic Details
Main Author: Martn̕ Aragn̤, M® Del Mar
Format: eBook
Language:Spanish
Published: Barcelona: J.M. Bosch Editor, 2021
Subjects:
Online Access:Acceso restringido

MARC

LEADER 00000nam a22000007a 4500
005 20220510233139.0
007 cr|||| ||||
008 220510s2021 es |||||s|||| 00||0 spa d
020 |a 978-84-123305-3-3 
035 |a 35634 
040 |a vLex 
090 |c 13314  |d 13314 
100 1 |a Martn̕ Aragn̤, M® Del Mar 
245 1 3 |a Del cumplimiento n̕tegro y efectivo de las penas a la prisin̤ permanente revisable  |h [Recurso electrn̤ico] /  |c M® Del Mar Martn̕ Aragn̤ 
256 |a Servicio en ln̕ea 
260 |a Barcelona:  |b J.M. Bosch Editor,  |c 2021 
300 |a 1 recurso electrn̤ico 
500 |a Desde el aǫ 2003 venimos asistiendo a un endurecimiento progresivo del Cd̤igo penal que ha culminado con la l︢tima gran reforma de 2015 que inclua̕ la prisin̤ permanente revisable. En todas estas reformas, el legislador ha utilizado el argumento de una sociedad que reclama penas ms̀ duras, sin sustento cientf̕ico alguno, apoyǹdose en la idea del populismo punitivo. Adems̀, se ha utilizado a las vc̕timas como arma arrojadiza, que se han convertido en peldaǫs de una escalera para llegar al mayor nivel de castigo posible, la cadena perpetua. La escalada punitivista iniciada con el cumplimiento n̕tegro y efectivo de las penas, que en algunos casos daba lugar a una cadena perpetua de facto, ha acabado convirtiňdose en una cadena perpetua de derecho, bajo el nombre de prisin̤ permanente revisable. Una pena sobre la que sigue pendiente de resolucin̤ un recurso de inconstitucionalidad por vulnerar numerosos preceptos de la Constitucin̤. Una pena que parte de la idea de sujetos irrecuperables, a los que hay que apartar de la sociedad. Una pena que deja de reconocer derechos fundamentales a aquellas personas que han cometido delitos especialmente graves. Una pena al fin y al cabo que nos ha hecho retroceder como Estado Social y Democrt̀ico de derecho 
506 1 |a Disponible solo en los productos indicados  |d vLex Global  |d vLex Global (Academic Edition, excluding Law Schools)  |d vLex Global (U.S. Academic Edition, Law Schools)  |d vLex Global (U.S. Academic Edition, excluding Law Schools)  |d vLex Global (Academic Edition, Law Schools) 
650 0 4 |a Derecho Penal  |z Espaą 
650 0 4 |a Procedimiento Penal  |z Espaą 
740 0 |a vLex Libros (Servicio en ln̕ea) 
856 4 0 |u https://app.vlex.com/#/sources/35634  |z Acceso restringido 
942 |c BOOK 
999 0 |a Criminal Law 
999 0 |a Criminal Procedure